Chanson Paroles Bénabar : Maritie et Gilbert Carpentier - Statistiques

Statistiques générales
  • Ce quiz a été pris 30 fois
  • Le résultat moyen est 29 sur 38
Statistiques - réponses
Hint Réponse % Correct
Micro tenu du bout des (...) doigts
100%
Parce que demain y a pas (...) école
100%
Les (...) , allez vous coucher enfants
100%
Ils s'appelaient presque tous (...) Michel
100%
Déjà lavé en (...) qui m'gratte pyjama
100%
(...), l'émission va commencer (...) Attention
96%
Mike Brant, Sacha (...) Distel
96%
Et Michel Le (...) Forestier
96%
Sont (...) de vous présenter heureux
96%
(...) et Gilbert Carpentier Maritie
96%
Play-back et (...) d'éléphant pattes
96%
En éloignant le (...), d'un geste du bras fil
88%
Puis défilait le (...) générique
88%
Qu'ils doivent (...) amèrement aujourd'hui regretter
88%
Dans des (...) pas encore kitsch décors
85%
Ils avaient des (...) habits beaux
81%
Qu'on dirait une (...) d'maintenant émission
81%
Je sais j'ai (...) essayé
81%
Ils portaient bien la (...) moustache
81%
Un petit (...) et les r'voilà tour
81%
Et des trucages (...) préhistoriques
73%
Michel Fugain, Michel (...) Berger
69%
Quelques décors pour faire (...) Broadway
69%
Y avait (...) d'applaudissements tellement
69%
Qui annonçait l'moment (...) tragique
69%
On a tout à (...) de Claude François (...) apprendre
65%
Quand ils s'trompaient de (...) caméra
65%
Je (...) pour toi chante
65%
Dans la télé des (...) en grappe Claudettes
62%
Polnareff, (...), Delpech Jonasz
58%
Un faux (...), c'est l'Amérique saloon
58%
Avec les moyens (...) de la SFP techniques
58%
Le doigt vers l'(...) objectif
54%
(...) et costumes blancs Rouflaquettes
54%
Impossible de (...) négocier
50%
Et des (...) partout tout l'temps danseurs
46%
Un (...), un cabaret réverbère
31%
Ambiance (...) Sylvie Vartan foxtrot
19%
Aucun quiz correspondant
Distribution des résultats
% des personnes avec chaque résultat
Percentile par nombre de réponses
Votre historique - résultats
Vous n’avez pas pris ce quiz